Statistics for Amsterdam Metro Stations

Click here to take the quiz!

General Stats

  • This quiz has been taken 83 times
  • The average score is 56 of 76

Answer Stats

GroupStation% Correct
M51Centraal Station
100%
M53Centraal Station
100%
M54Centraal Station
100%
M52Centraal Station
100%
M51Zuid
98%
M50Zuid
98%
M52Zuid
98%
M52Noord
94%
M53Amstel
90%
M54Amstel
90%
M51Amstel
90%
M52Rokin
88%
M52De Pijp
86%
M50Bijlmer ArenA
84%
M50RAI
84%
M51RAI
84%
M50Gein
82%
M54Gein
82%
M50Isolatorweg
82%
M51Isolatorweg
82%
M51Sloterdijk
82%
M50Sloterdijk
82%
M51Waterlooplein
82%
M54Waterlooplein
82%
M53Waterlooplein
82%
M52Europaplein
80%
M52Noorderpark
80%
M50Duivendrecht
78%
M54Duivendrecht
78%
M53Nieuwmarkt
78%
M51Nieuwmarkt
78%
M54Nieuwmarkt
78%
M52Vijzelgracht
78%
M54Weesperplein
78%
M51Weesperplein
78%
M53Weesperplein
78%
M54Wibautstraat
73%
M53Wibautstraat
73%
M51Wibautstraat
73%
M50Lelylaan
71%
M51Lelylaan
71%
M50Amstelveenseweg
69%
M51Amstelveenseweg
69%
M53Diemen Zuid
69%
M53Gaasperplas
69%
M50Van der Madeweg
69%
M53Van der Madeweg
69%
M54Van der Madeweg
69%
M54Holendrecht
67%
M50Holendrecht
67%
M51Overamstel
67%
M50Overamstel
67%
M50Heemstedestraat
63%
M51Heemstedestraat
63%
M50Henk Sneevlietweg
63%
M51Henk Sneevlietweg
63%
M53Kraaiennest
63%
M51Postjesweg
63%
M50Postjesweg
63%
M51Spaklerweg
63%
M53Spaklerweg
63%
M54Spaklerweg
63%
M50Strandvliet
61%
M54Strandvliet
61%
M50Bullewijk
57%
M54Bullewijk
57%
M54Reigersbos
57%
M50Reigersbos
57%
M50Jan van Galenstraat
55%
M51Jan van Galenstraat
55%
M50De Vlugtlaan
53%
M53Venserpolder
53%
M54Bijlmer ArenA
51%
M51De Vlugtlaan
51%
M53Ganzenhoef
51%
M53Verrijn Stuartweg
39%

Score Distribution

Percentile by Number Answered

Percent of People with Each Score

Your Score History

You have not taken this quiz